Elogio patriótico pronunciado por el orador de orden, desde el Baluarte del 27 de febrero, en el acto de honores tributados al Jeneral Ramón Mella con motivo de la traslación de sus restos a la capital de la República en el XLVII aniversario de la Patria / (Registro nro. 33201)
[ vista simple ]
| 000 -CABECERA | |
|---|---|
| campo de control de longitud fija | 00754nam a2200157 a 4500 |
| 001 - NÚMERO DE CONTROL | |
| campo de control | 000033710 |
| 005 - FECHA Y HORA DE LA ÚLTIMA TRANSACCIÓN | |
| campo de control | 20240229073830.0 |
| 008 - DATOS DE LONGITUD FIJA--INFORMACIÓN GENERAL | |
| campo de control de longitud fija | 110906s1891 dr c 000 0 spa d |
| 040 ## - FUENTE DE LA CATALOGACIÓN | |
| Centro catalogador/agencia de origen | DO-SdBNP |
| Lengua de catalogación | spa |
| Centro/agencia transcriptor | BNPHU |
| 082 ## - NÚMERO DE LA CLASIFICACIÓN DECIMAL DEWEY | |
| Número de clasificación | xxx |
| Número de documento/Ítem | H519e |
| 100 1# - ENTRADA PRINCIPAL--NOMBRE DE PERSONA | |
| Nombre de persona | Henríquez i Carvajal, Federico, |
| Fechas asociadas al nombre | 1848-1952 |
| 9 (RLIN) | 7792 |
| 245 10 - MENCIÓN DE TÍTULO | |
| Título | Elogio patriótico pronunciado por el orador de orden, desde el Baluarte del 27 de febrero, en el acto de honores tributados al Jeneral Ramón Mella con motivo de la traslación de sus restos a la capital de la República en el XLVII aniversario de la Patria / |
| Mención de responsabilidad, etc. | Federico Henríquez i Carvajal. |
| 246 12 - FORMA VARIANTE DE TÍTULO | |
| Título propio/Titulo breve | Ramón Mella |
| Resto del título | elogio patriótico |
| 260 ## - PUBLICACIÓN, DISTRIBUCIÓN, ETC. | |
| Lugar de publicación, distribución, etc. | Santo Domingo : |
| Nombre del editor, distribuidor, etc. | Imprenta Quisqueya, |
| Fecha de publicación, distribución, etc. | 1891. |
| 300 ## - DESCRIPCIÓN FÍSICA | |
| Extensión | 12, xii p. : |
| Otras características físicas | retr. ; |
| Dimensiones | 24 cm. |
| Estado de retiro | Estado de pérdida | No para préstamo | Código de colección | Localización permanente | Ubicación/localización actual | Ubicación en estantería | Fecha de adquisición | Número de inventario | Total de préstamos | Signatura topográfica completa | Código de barras | Fecha visto por última vez | Precio válido a partir de | Tipo de ítem Koha |
|---|---|---|---|---|---|---|---|---|---|---|---|---|---|---|
| Patrimonio Dominicano | Patrimonio Dominicano | Patrimonio Dominicano | Orden iniciada | 06.09.2011 | LF1 | xxx H519e | 33710-10 | 25.06.2020 | 25.06.2020 | Libro y Folleto Colección Patrimonio Dominicano |
